All United Airlines Destinations (2024) - Statistics

General Stats
  • This quiz has been taken 1,079 times
    615 since last reset
  • The average score is 176 of 349
Answer Stats
Country Destination % Correct
Australia Sydney
93%
Canada Toronto
90%
United Kingdom London (Heathrow)
89%
Australia Melbourne
89%
France Paris
88%
Ireland Dublin
87%
Hong Kong Hong Kong
87%
Brazil Rio de Janeiro
87%
Italy Rome (Fiumicino)
87%
Greece Athens
86%
China Beijing
86%
Belgium Brussels
86%
Germany Frankfurt
86%
Japan Tokyo (Haneda)
86%
Japan Tokyo (Narita)
86%
Canada Vancouver
86%
UAE Dubai
85%
Spain Madrid
85%
Brazil Sao Paulo
85%
China Shanghai
85%
Netherlands Amsterdam
84%
Germany Berlin
84%
Argentina Buenos Aires
84%
Mexico Mexico City
84%
Spain Barcelona
83%
Portugal Lisbon
83%
Italy Milan (Malpensa)
83%
Canada Montreal
83%
Germany Munich
83%
India New Delhi
83%
California | Costa Rica San Jose
83%
South Korea Seoul
83%
Singapore Singapore
83%
New Zealand Auckland
82%
Illinois Chicago (O'Hare)
82%
Cuba Havana
82%
California Los Angeles
82%
New York New York City (JFK)
82%
New York New York City (LGA)
82%
Arizona Phoenix
82%
Georgia Atlanta
81%
New Hampshire Manchester
81%
India Mumbai
81%
California San Francisco
81%
Chile Santiago de Chile
81%
Dominican Republic Santiago de los Caballeros
81%
Taiwan Taipei
81%
Israel Tel Aviv
81%
South Africa Cape Town
80%
Texas Dallas (DFW)
80%
Colorado Denver
80%
South Africa Johannesburg
80%
Philippines Manila
80%
Florida Miami
80%
Florida | Panama Panama City
80%
Sweden Stockholm
80%
Switzerland Zurich
80%
Colombia Bogota
79%
Mexico Cancun
79%
Hawaii Honolulu
79%
Nevada Las Vegas
79%
Bahamas Nassau
79%
Japan Osaka
79%
Canada Ottawa
79%
Washington Seattle / Tacoma
79%
Massachusetts Boston
78%
Australia Brisbane
78%
Texas Houston (IAH)
78%
Portugal Porto
78%
California San Diego
78%
Alaska Anchorage
77%
Alabama Birmingham
77%
Canada Calgary
77%
Missouri Kansas City
77%
Peru Lima
77%
Guatemala Guatemala City
76%
New Jersey Newark
76%
Florida Orlando
76%
Maine | Oregon Portland
76%
Michigan Detroit
75%
Indiana Indianapolis
75%
Mississippi | Wyoming Jackson
75%
Louisiana New Orleans
75%
Texas Austin
74%
Italy Naples
74%
France Nice
74%
Florida Tampa
74%
North Carolina Charlotte
73%
Nigeria Lagos
73%
Minnesota Minneapolis
73%
Oklahoma Oklahoma City
73%
Pennsylvania Philadelphia
73%
Ecuador Quito
73%
Iceland Reykjavik
73%
Italy Venice
73%
Canada Edmonton
72%
Switzerland Geneva
72%
Tennessee Nashville
72%
California Sacramento
72%
El Salvador San Salvador
72%
United Kingdom Edinburgh
71%
Utah Salt Lake City
71%
Jordan Amman
69%
Maryland Baltimore (BWI)
69%
Idaho Boise
69%
Ohio Cleveland
69%
Ohio Columbus
69%
Pennsylvania Pittsburgh
69%
Virginia Washington (Dulles)
69%
Belize Belize City
68%
New York Buffalo
68%
Florida Jacksonville
68%
Puerto Rico San Juan
68%
Virginia Washington (Reagan)
68%
Ghana Accra
67%
Texas San Antonio
67%
Kentucky Louisville
66%
North Carolina Raleigh / Durham
66%
Arizona Tucson
66%
New Mexico Albuquerque
65%
New Zealand Christchurch
65%
Ohio Cincinnati
65%
Arkansas Little Rock
65%
Tennessee Memphis
65%
Nevada Reno
65%
Utah St. George
65%
New York Albany
64%
South Carolina | West Virginia Charleston
64%
Colorado Colorado Springs
64%
Wisconsin Milwaukee
64%
Texas El Paso
63%
Florida Fort Lauderdale
63%
Missouri St. Louis
63%
Mexico Guadalajara
62%
California Monterey
62%
Mexico Monterrey
62%
Canada Quebec City
62%
Guam Guam
61%
Connecticut Hartford
61%
Nebraska Omaha
61%
Dominican Republic Santo Domingo
61%
Iowa Des Moines
60%
Rhode Island Providence
60%
Missouri Springfield / Branson
60%
Canada Halifax
59%
Oklahoma Tulsa
59%
Louisiana Baton Rouge
58%
Alaska Fairbanks
58%
New Mexico Santa Fe
58%
Kansas Wichita
58%
Croatia Dubrovnik
57%
Virginia Richmond
57%
Georgia Savannah
57%
Nebraska Lincoln
55%
Wisconsin Madison
55%
Alabama Mobile
55%
Japan Nagoya
55%
Antigua & Barbuda Antigua
54%
Guyana Georgetown
54%
California Fresno
53%
Spain Malaga
52%
Nicaragua Managua
52%
Trinidad & Tobago Port of Spain
52%
Dominican Republic Punta Cana
52%
Ireland Shannon
52%
Wyoming Cheyenne
51%
Jamaica Montego Bay
51%
New York Rochester
51%
St. Kitts & Nevis Saint Kitts
51%
St. Lucia Saint Lucia
51%
Barbados Barbados
50%
Oregon Eugene
50%
Pennsylvania Harrisburg
50%
Washington Spokane
50%
Montana Billings
49%
North Dakota Bismarck
49%
Montana Helena
49%
South Carolina Columbia
48%
Ohio Dayton
48%
North Dakota Fargo
48%
Florida Fort Myers
48%
Michigan Grand Rapids
48%
Florida Key West
48%
South Dakota Sioux Falls
48%
Netherlands Aruba
47%
Tennessee Knoxville
47%
Kentucky Lexington
47%
Virginia Norfolk
47%
Mexico San Jose del Cabo
47%
New York Syracuse
47%
Colorado Aspen
46%
Vermont Burlington
46%
Ohio Akron
44%
Texas Amarillo
44%
California Bakersfield
44%
Wisconsin Green Bay
44%
Spain Palma de Mallorca
44%
California Santa Barbara
44%
Netherlands Curacao
43%
California Ontario
43%
China Chengdu
42%
Texas Corpus Christi
42%
California Santa Ana
42%
Minnesota Duluth
41%
North Carolina Greensboro
41%
Alabama Huntsville
41%
Montana Bozeman
40%
Portugal Faro
40%
Indiana Fort Wayne
40%
Florida Pensacola
40%
Arkansas Fayetteville
39%
Japan Fukuoka
39%
Hawaii Kailua / Kona
39%
Louisiana Shreveport
39%
Florida West Palm Beach
39%
California Burbank
38%
Iowa Cedar Rapids
38%
Costa Rica Liberia
38%
Pennsylvania Allentown
37%
Maine Bangor
37%
Tennessee Chattanooga
37%
Hawaii Kahului
37%
Mexico Puerto Vallarta
37%
Texas Lubbock
36%
North Carolina Asheville
35%
South Carolina Greenville / Spartanburg
35%
Mississippi Gulfport / Biloxi
35%
South Carolina Myrtle Beach
35%
California Palm Springs
35%
South Dakota Rapid City
35%
Colorado Vail / Eagle
35%
Mexico Acapulco
34%
Idaho Idaho Falls
34%
Oregon Redmond / Bend
34%
Florida Sarasota / Bradenton
34%
Iowa Sioux City
34%
Spain Tenerife (South)
34%
Louisiana Lafayette
33%
Texas Laredo
33%
Montana Missoula
33%
North Carolina Wilmington
33%
Netherlands Bonaire
32%
Texas Brownsville
32%
Michigan Flint
32%
Hawaii Lihue
32%
Netherlands Sint Maarten
32%
Indiana South Bend
32%
Wisconsin Appleton
31%
Wyoming Casper
31%
Texas McAllen
31%
Virginia Charlottesville
30%
Colorado Durango
30%
Mexico Merida
30%
Illinois Peoria
30%
US Virgin Islands St. Thomas
30%
Colorado Grand Junction
29%
Marshall Islands Majuro
29%
Mexico Oaxaca
29%
California Redding
29%
California Arcata / Eureka
28%
Mexico Cozumel
28%
Virginia Roanoke
28%
California San Luis Obispo
27%
Texas Midland
26%
Honduras San Pedro Sula
26%
Michigan Traverse City
26%
Mexico Leon
25%
Mexico Puebla
25%
Northern Mariana Islands Saipan
25%
Pennsylvania State College
25%
United Kingdom Bermuda
24%
Montana Great Falls
24%
South Carolina Hilton Head Island
24%
New York Ithaca
24%
Oregon Medford
24%
Massachusetts Nantucket
24%
Mexico Veracruz
24%
Texas Victoria
24%
North Dakota Minot
23%
Dominican Republic Puerto Plata
23%
Missouri Joplin
22%
Montana Kalispell
22%
France Tahiti
22%
Kansas Dodge City
21%
United Kingdom Grand Cayman
21%
Louisiana Lake Charles
21%
Portugal Ponta Delgada
21%
Mexico Tulum
21%
Mexico Aguascalientes
20%
Mexico Mazatlan
20%
Illinois Moline
20%
United Kingdom Providenciales
20%
Honduras Roatan
20%
Colorado Hayden
19%
Palau Koror
19%
Wyoming Laramie
19%
Arizona Prescott
19%
Kansas Salina
19%
Mexico Ixtapa / Zihuatanejo
18%
Colorado Montrose
18%
Pennsylvania Wilkes - Barre
18%
Wyoming Gillette
17%
Idaho Hailey / Sun Valley
17%
Mexico San Luis Potosi
17%
Micronesia Chuuk, Weno
16%
Wyoming Cody
16%
Texas Harlingen
16%
Mississippi Hattiesburg / Laurel
16%
Idaho Lewiston
16%
Puerto Rico Aguadilla
15%
Michigan Saginaw
15%
Nebraska Scottsbluff
15%
North Dakota Williston
15%
Mississippi Meridian
14%
Nebraska North Platte
14%
Washington Pasco
14%
Maine Presque Isle
14%
Wyoming Rock Springs
14%
Colorado Gunnison
13%
Kansas Hays
13%
Mexico Queretaro
13%
Illinois Decatur
12%
Micronesia Pohnpei
12%
Wyoming Sheridan
12%
Montana West Yellowstone
12%
North Dakota Jamestown
11%
Marshall Islands Kwajalein
11%
Micronesia Yap
11%
New Mexico Hobbs
10%
Pennsylvania Johnstown
10%
Kansas Liberal
10%
Mexico Morelia
10%
North Dakota Devils Lake
9%
North Dakota Dickinson
9%
Mexico Tampico
9%
Iowa Fort Dodge
8%
Micronesia Kosrae
8%
Mexico Manzanillo
8%
Iowa Mason City
8%
Wyoming Riverton
8%
California Bishop
7%
Honduras Comayagua
7%
Michigan Houghton
7%
Oregon North Bend
7%
No matching quizzes found
Score Distribution
Percent of People with Each Score
Percentile by Number Answered
Your Score History
You have not taken this quiz since the last reset